000 00766cam a22002177a 4500
001 000002114
005 20260206120312.0
008 730108s1960 es a 001 0 spa
040 _aDO-SdBNP
_cOAU
_dDLC
041 1 7 _aeng
_hspa
_2Código de idioma MARC
082 _a363.25
_bP822c
100 1 _aPoole, Lynn.
_96788
245 1 3 _aLa ciencia es el mejor detective /
_cLynn Poole ; ilustración de Clifford N. Geary ; traducción de Luis Postigo.
260 _aBarcelona :
_bRamón Sopena,
_c1960.
300 _a198 p. :
_bil. ;
_c21 cm.
500 _aTítulo original: Science the super sleuth
650 0 _aInvestigación criminal
_96789
700 1 _aGeary, Clifford N.
_eill.
_96790
700 1 _aPostigo, Luis
_etr.
_96791
910 _aCatalogación por copia / LC
999 _c1972
_d1972